000 01310njm a22003017a 4500
005 20100909161132.0
006 a|||||r|||||00| 0
007 sd ammalaaahaa
008 100909t xxu||||| |||| 00| 0 eng d
028 _aN.55112
_bHis Master's Voice
035 _aGR-01657
040 _aSED
_cSED
100 _917690
245 _aNeend Hamari Khwab Tumhare /
_cby Movie Monuments; sung by Mohd.Rafi, Asha Bhosle & Mubarak Begum; music by Madan Mohan; lyric by Rajinder Krishan
_h[Sound Recording] :
246 _aनींद हमारी ख्वाब तुम्हारे /
260 _aDum Dum India
_bHis Master' Voice
_c1966
300 _a1 sound disc (Gramophone Recording)
_banalog, 33 1/3 rpm
_c9.5 in. (MP)
_fGramophone Record
500 _aBrief Record
505 _aSide-1 यूँ रूठो ना (Yun Rutho Naa) (Mohd.Rafi) -- Side-2 साकिया एक जाम (Saakiya Ek Jaam) (Asha Bhosle & Mubarak Begum)
650 _aClassical Music
_xExcerpts
_zIndia
_917691
700 _aMohd.Rafi
_919285
700 _aBhosle, Asha
_919286
700 _aBegum, Mubarak
_919287
700 _a Mohan, Madan
_919288
700 _aKrishan, Rajinder
_919289
942 _2ddc
_cGR
999 _c44938
_d44938